Коммуникационные проблемы менеджмента образовательной деятельности; Модернизация инженерного и общего образования: проблемы и перспективы

Bibliographic Details
Parent link:Модернизация инженерного и общего образования: проблемы и перспективы.— 2009.— С. 70-73
Main Author: Тащиян Г. О. Григорий Олегович
Language:Russian
Published: 2009
Subjects:
Format: MixedMaterials Book Chapter
KOHA link:https://koha.lib.tpu.ru/cgi-bin/koha/opac-detail.pl?biblionumber=177188

MARC

LEADER 00000naa2a2200000 4500
001 177188
005 20231031165606.0
035 |a (RuTPU)RU\TPU\book\192095 
090 |a 177188 
100 |a 20100312d2009 k y0rusy50 ca 
101 0 |a rus 
102 |a RU 
200 1 |a Коммуникационные проблемы менеджмента образовательной деятельности  |f Г. О. Тащиян 
320 |a Библиогр.: 1 назв. 
463 0 |0 (RuTPU)RU\TPU\book\186925  |t Модернизация инженерного и общего образования: проблемы и перспективы  |o труды VII Всероссийской научно-практической конференции, 12 ноября 2009 года Юрга  |f Томский политехнический университет (ТПУ), Юргинский технологический институт (ЮТИ)  |v С. 70-73  |d 2009  |p 279 с. 
610 1 |a менеджмент 
610 1 |a образовательная деятельность 
610 1 |a коммуникации 
610 1 |a информация 
610 1 |a труды учёных ТПУ 
700 1 |a Тащиян  |b Г. О.  |c доцент, кандидат технических наук  |c Юргинский технологический институт (филиал) Томского политехнического университета  |f 1974-  |g Григорий Олегович  |2 stltpush  |3 (RuTPU)RU\TPU\pers\24270 
801 1 |a RU  |b 63413507  |c 20100312 
942 |c BK